Dutch Eredivisie - Statistics

General Stats
  • This quiz has been taken 1,136 times
    1,113 since last reset
  • The average score is 13 of 18
Answer Stats
Answer % Correct
Ajax
99%
PSV
96%
Feyenoord
94%
AZ
84%
FC Twente
80%
FC Groningen
79%
FC Utrecht
76%
NAC Breda
75%
N.E.C.
74%
Vitesse
70%
ADO Den Haag
69%
sc Heerenveen
69%
PEC Zwolle
63%
Willem II
62%
Heracles Almelo
58%
Roda JC Kerkrade
56%
VVV-Venlo
55%
RKC Waalwijk
42%
No matching quizzes found
Score Distribution
Percent of People with Each Score
Percentile by Number Answered
Your Score History
You have not taken this quiz since the last reset